000 00234nam a22000857a 4500
008 160708b xxu||||| |||| 00| 0 eng d
100 _92451
_a Slater, H
245 _aChildcraft Dictionary
260 _aUnited kingdom
_b World Book House
_c1989
999 _c2122
_d2122